The essense of strategic management
| Main Author: | |
|---|---|
| Format: | Book |
| Published: |
New York :
Prentice Hall ,
1990
|
| Subjects: |
MARC
| LEADER | 00000cam a2200000 7i4500 | ||
|---|---|---|---|
| 001 | 0000001837 | ||
| 005 | 19991126.0 | ||
| 020 | |a 0132847388 | ||
| 040 | |a INS | ||
| 090 | 0 | 0 | |a 6584012 |b Bow |
| 100 | 1 | |a Bowman, Cliff | |
| 245 | 1 | 4 | |a The essense of strategic management |c by Cliff Bowman |
| 260 | |a New York : |b Prentice Hall , |c 1990 | ||
| 300 | |a 152p. | ||
| 650 | 0 | 0 | |a Strategic planning |
| 999 | |a 0000006636 |b BOOK |c Open Shelf |e Default branch | ||